[Event "Candidates Tournament"]
[Site "Moscow"]
[Date "2016.03.13"]
[Round "3"]
[White "Anand, Viswanathan"]
[Black "Caruana, Fabiano"]
[Result "1/2-1/2"]
[WhiteElo "2794"]
[BlackElo "2762"]
[Annotator "Sagar Shah/CB Website"]
[PlyCount "79"]
[EventDate "2016.03.11"]
[EventType "tourn"]
[EventRounds "14"]
[EventCountry "RUS"]
[EventCategory "22"]
[SourceTitle "CBM 172"]
[Source "ChessBase"]
[SourceDate "2016.05.12"]
[SourceVersion "1"]
[SourceVersionDate "2016.05.12"]
[SourceQuality "1"]

1. e4 {It worked for him in game one and Vishy continues with 1.e4.} e5 2. Nf3
Nc6 3. Bb5 Nf6 {Berlin! I wonder how the a-pawn must be feeling at this point
of time. Earlier just about everyone used to pushing it. Now no one really
cares about it and goes for ...Nf6!} 4. d3 {This seems to be Anand's weapon
against the Berlin in this event.} Bc5 5. O-O d6 6. c3 O-O 7. h3 $5 {A small
change by Anand. In his game against Topalov he had gone Nbd2, whereas here he
plays the little rook pawn move. It has two advantages: 1. it stops ...Bg4 in
the future, and 2. it gets Caruana out of his preparation.} Ne7 {Caruana
sticks to his plan of transferring his knight to the kingside.} 8. d4 Bb6 9.
Bd3 {Definitely more common is Re1. However, Anand played this move quickly.
Caruana went into a think after this, which meant that he hadn't really
revised the line before the game. The variation with Bd3 is less played than
Re1, but it has been essayed by players like Magnus Carlsen and Vasily
Ivanchuk!} (9. dxe5 {leads to absolutely othing for White after} Nxe4 $11) 9...
Ng6 (9... d5 {was Kramnik's reaction against Carlsen. And after} 10. Nbd2 dxe4
11. Nxe4 Nxe4 12. Bxe4 exd4 13. Qc2 h6 14. a4 $5 {we saw an extremely
interesting game develop.}) 10. Re1 Re8 11. Qc2 {At this point Anand had used
only two minutes of his time while Caruana down by twenty five minutes. The
interesting thing is that Anand has already played this opening with black
against Michael Adams in 2013.} exd4 $146 {Caruana comes up with a new move,
but this is not home preparation. It was played after due thought.} 12. cxd4 c5
{An interesting move by Caruana trying to fight for the dark squares.} 13. dxc5
(13. d5 Ba5 {leads to a very odd kind of a Benoni which should be completely
fine for Black.}) (13. e5 $5 {is an interesting move. Although both players
rejected it after ...Nd5, it could be interesting to see a few more moves.} Nd5
{Threatening ...Nb4.} (13... dxe5 14. dxe5 {looks completely crushing for
White as after} Nd7 15. e6 fxe6 16. Bxg6 $18 {Black is busted.}) 14. Bg5 $1 (
14. a3 {might be too slow as after} cxd4 {Black is completely fine.}) 14... Qc7
{After the game Fabi said that he was planning to play this move but it
wouldn't have been great as White can now play} (14... Nb4 15. Qc3 Qc7 16. Bb5
$13) (14... f6 $6 15. dxc5 $1 dxc5 16. Nc3 $1 Nxc3 17. exf6 $1 gxf6 18. Bxg6 {
with a very strong attack.}) 15. Nc3 $1 {The main idea is to connect the rooks
on the first rank.} Nb4 (15... Nxc3 16. exd6 $1) 16. exd6 $1 $18 {Not an easy
move to see from a distance but now the rook on e8 is undefended.}) 13... Bxc5
14. Nc3 Be6 15. Be3 Qc8 (15... Ne5 $5 {After the game Miroshnichenko suggested
this smart move for Black which seems to equalise immediately.} 16. Nxe5 Bxe3
$1 17. Nxf7 Bxf2+ 18. Qxf2 Bxf7 {This looks like a much preferable position
for Black than was reached in the game.}) 16. Bxc5 Qxc5 17. Qd2 Ne5 18. Be2 $1
Nxf3+ 19. Bxf3 {Black has an isolated pawn on d6 while White is relatively
solid. This should give White an edge. However, it is not so clear as to how
White should proceed.} Rad8 20. Red1 $5 {One of the most difficult questions
in the game of chess is where should I place my rooks. In this position White
has many options. The most natural of course looks to be Rad1, but Red1 also
has its point. Vishy would like to put the a rook on c1.} (20. Rac1 {looks
natural. Black could reply with} Qe5) (20. Rad1 {is also answered by} Qe5 21.
Qd4 a6 22. Qb4 $14 {when White has an edge.}) 20... h5 $5 21. Qd4 Qg5 22. Qd2 (
22. Qxa7 Bxh3 $132) 22... Qe5 {I asked Fabiano whether he wanted to play on
and that was the reason why he chose ...Qe5 instead of ...Qc5. He said his
queen was much better placed on e5 than on c5 and Vishy would not have
repeated the position again.} 23. Qe3 $1 {Attacking the a7-pawn and getting
ready to double rooks on the d-file.} a6 24. Rd4 Bd7 $5 {The bishop wasn't
doing much on e6. On c6 it would not only control the d5-square but also
attack the one on e4.} 25. Rad1 Bc6 26. g3 Re6 27. Bg2 {White gets ready to
start his expansion with f4. Vishy truly has played really well until this
point.} h4 {[%cal Gh5h4]} 28. gxh4 $1 {An extremely bold move by Vishy.
Usually in chess not many times you will see people taking such a pawn and
accepting doubled rook pawns. However, here it is more important to make sure
that White is getting in f4 and hence this gxh4 move is very flexible and
meets the demands of the position.} (28. g4 $5 {Keeping the pawn structure
intact is definitely an idea. But it can be possible that Vishy was afraid of}
g5 {When f4 is stopped. However, White should at least be a tad better after}
29. Qd2 $14) (28. f4 $2 Qc5 29. g4 $2 Bxe4 $1 30. Nxe4 Nxe4 31. Bxe4 Rde8 $15)
28... Rde8 (28... Nh5 $2 {Trying to keep an eye on the f4-square loses to} 29.
Rd5 $1 Bxd5 30. Rxd5 $18) 29. Bf3 {After the game Vishy thought that this was
extremely clever as he was preparing Bg4.} (29. f4 Qc5 $13 {The e4-pawn would
be falling in this case.}) 29... a5 30. a4 $6 {Anand wants to stop all these
ideas beginning with ...b5 but this was a crucial loss of time.} (30. Bg4 R6e7
(30... Nxg4 31. hxg4 $16) 31. Rxd6 Nxe4 32. Nxe4 Qxe4 {Should be around equal.}
) (30. a3 {was definitely much better remaining flexible.} b5 31. Bg4 $1 $14)
30... Qc5 31. Qf4 (31. Bg4 R6e7 $11) (31. Rxd6 $5 Qxd6 32. Rxd6 Rxd6 33. Qc5
Rde6 34. Qxa5 Nxe4 35. Nxe4 Bxe4 36. Bxe4 Rxe4 {might be an edge for White but
will most probably end in a draw.}) 31... Re5 32. R1d3 {Not really sure what
this move is all about, but it keeps up the pressure.} (32. Rxd6 Nxe4 33. Nxe4
Bxe4 $11) 32... R8e6 33. Kh2 Qb6 34. Rd2 Qd8 35. Qg3 $6 {This lets Caruana
equalise immediately.} (35. h5 $5 Nxh5 36. Bxh5 Rxh5 37. Rxd6 Rxd6 38. Qxd6
Qxd6+ 39. Rxd6 f5 {Black should regain his pawn, but in any case White will
maintain a small edge.}) 35... Bxe4 36. Nxe4 Nxe4 37. Bxe4 Rxe4 38. Rxe4 Rxe4
39. Rxd6 Qxh4 40. Qxh4 {...and a draw was agreed. It should be said that Anand
seemed to be slightly better throughout the game, but was never really able to
cash in.} 1/2-1/2

[Event "Candidates Tournament"]
[Site "Moscow"]
[Date "2016.03.12"]
[Round "2"]
[White "Caruana, Fabiano"]
[Black "Giri, Anish"]
[Result "1/2-1/2"]
[WhiteElo "2794"]
[BlackElo "2793"]
[Annotator "Sagar Shah/CB Website"]
[PlyCount "83"]
[EventDate "2016.03.11"]
[EventType "tourn"]
[EventRounds "14"]
[EventCountry "RUS"]
[EventCategory "22"]
[SourceTitle "CBM 172"]
[Source "ChessBase"]
[SourceDate "2016.05.12"]
[SourceVersion "1"]
[SourceVersionDate "2016.05.12"]
[SourceQuality "1"]

1. e4 e5 2. Nf3 Nc6 3. Bb5 Nf6 4. d3 Bc5 5. c3 O-O ({Anish opted for} 5... d5 {
against MVL in Tashkent 2014. The game ended in a comfortable draw.}) 6. O-O d6
7. Nbd2 {Caruana had earlier gone for 7.h3 in Malmo 2012 against Giri! Four
years later, both are players have become super strong and we are sure to see
many more battles in the years to come.} (7. h3 Ne7 8. d4 Bb6 9. Re1 c6 10. Bd3
Ng6 11. Be3 Re8 12. Nbd2 {1-0 (41) Caruana,F (2770)-Giri,A (2693) Malmo 2012})
7... Ne7 8. d4 exd4 9. cxd4 Bb6 10. Re1 Bg4 11. h3 Bh5 {All this was seen in
the game Anand-Topalov from the first round of the Candidates 2016. Anand went
12.a4 in this position. Caruana prefers to break the pin immediately and plays
Qb3.} 12. Qb3 d5 {Recently Caruana himself played this with Topalov in
Sinquefeld Cup 2015 and won a nice game. Its important to note though he won
with black he still chose to play this line from white. This shows that the
top players analyze their games objectively and make use of any new ideas that
they come across, especially in their own games.} 13. e5 Nd7 14. Qd1 {[%cal
Gd1b3,Gb3d1] What's going on?!! Qd1-b3-d1? Is Caruana our of his mind? Not
really! Things in the centre are settled now and the queen doesn't mind this
backward move, mainly vacating the b3-square for the knight.} f6 $5 {
Immediately challenging the center. As Giri said during the press conference,
he thought that this line was fine for Black, but after the game he thinks
that his seconds somehow had underestimated the dangers in the position.} 15.
e6 Nb8 {Undeveloping moves seem to be the order of the day. However, to be
fair, the knight simply didn't have a good square to go to.} 16. Nb3 {Eyeing
for the c5-outpost which would force Black to part with his dark-squared
bishop. At the same time the route for the bishop to develop on d6 has been
opened.} Qd6 (16... Nbc6 {was possible but it seems as if Anish wanted to
prevent his opponent from going Bf4.}) 17. g4 Bg6 18. Nh4 Nbc6 19. Bxc6 (19.
Nxg6 Nxg6 {looks fine for Black.}) (19. Ng2 {preparing Bf4 can be an option,
but Black has a strong move in the form of} f5 $1 20. Bf4 Qb4 21. Bxc6 Nxc6 $11
) 19... Qxc6 (19... bxc6 20. Ng2 {is now a clearly better position for White
as Bf4 is threatened and there is no bishop to attack on b5 with ...Qb4.} f5
21. Bf4 Qb4 22. a3 Qa4 23. g5 $16 {Black is left without any counterplay.}) 20.
Bd2 {White is ready to give up the d4-pawn in order to get good amount of
piece activity.} (20. Bf4 {is natural but it always seems dangerous to put a
piece where a pawn fork can happen. In this case the move g7-g5.} Bc2 21. Qd2
Bxb3 22. axb3 g5 23. Bxg5 fxg5 24. Qxg5+ Kh8 {Giri showed some blistering
analysis in this position. One of the lines that was very entertaining was the
following.} 25. Qe5+ Kg8 26. Nf5 Nxf5 27. gxf5 Qd6 28. f6 Qxe5 29. dxe5 $16 {
[%csl Ge5,Ge6,Gf6] Anish gave us an example of four rows of pawns (32 pawns!)
vs all the other pieces. Truly wonderful the kind of thing these top players
like to indulge in!}) 20... Bc2 21. Qe2 Bxb3 22. axb3 Bxd4 {Although Black has
won a pawn, it doesn't really matter. The pawn on e6 is a monster and the rook
on a1 is also activated without any efforts. Giri has to play carefully here.}
23. Bb4 Bc5 (23... Rfe8 $2 24. Bxe7 Rxe7 25. Nf5 $18) 24. Rec1 b6 25. Bxc5 bxc5
26. Ra6 (26. Ra5 {winning the c5-pawn could have been even stronger.}) 26...
Qb7 27. Rxc5 Rfe8 28. Qb5 {It was possible to play more aggressively, but
Caruana had already spent a lot of his thinking time and hence decided it was
safer to simplify the game.} (28. Nf5 $142 $1 Qxb3 29. Ra3 $1 (29. Rxc7 $2 Nxf5
30. gxf5 Qxh3 $11) 29... Qb4 30. Rxc7 $16) 28... Qxb5 29. Rxb5 d4 $1 {This
pawn is the soul of Black's position. It will create threats and give him the
necessary counterplay.} 30. Nf5 (30. f4 {looks natural.} Rad8 31. Nf3 d3 32.
Nd2 {This was Vladimir Kramnik's suggestion. White threatens f5 now, so Black
must do something about it.} f5 $1 33. gxf5 (33. Kf2 {looks stronger but after}
Rd5 {it should nevertheless be around equal.}) 33... Rd5 34. Rxd5 Nxd5 35. Rxa7
Rf8 $11) 30... Rad8 31. Rxa7 (31. Nxe7+ Rxe7 32. Kf1 d3 33. Ke1 Rde8 34. Kd2
Rxe6 35. Rxe6 Rxe6 36. Kxd3 Rd6+ $11) 31... Nxf5 32. gxf5 d3 {Now it is just a
draw.} 33. Ra1 g6 34. Rc5 Re7 35. Rd1 gxf5 36. Rc6 Rd4 37. Kg2 Kg7 38. Kf3 Kg6
39. Rc4 Rd5 40. Rc3 d2 41. Re3 Rd6 42. Re2 {An exciting game where we could
have seen even more fireworks had Caruana not been under time pressure.}
1/2-1/2

[Event "Wijk Cultural Village 20th"]
[Site "Wijk aan Zee"]
[Date "2015.11.16"]
[Round "1"]
[White "Pruijssers, Roeland"]
[Black "Hansen, Eric"]
[Result "0-1"]
[WhiteElo "2498"]
[BlackElo "2573"]
[Annotator "Schulz,Andre"]
[PlyCount "78"]
[EventDate "2015.11.16"]
[EventType "tourn"]
[EventRounds "9"]
[EventCountry "NED"]
[EventCategory "7"]
[SourceTitle "CBM 169 Extra"]
[Source "ChessBase"]
[SourceDate "2015.12.18"]
[SourceVersion "1"]
[SourceVersionDate "2015.12.18"]
[SourceQuality "1"]

1. e4 e5 2. Nf3 Nc6 3. Bb5 Nf6 4. d3 Bc5 5. Bxc6 dxc6 6. O-O Nd7 7. Nbd2 O-O 8.
b3 Re8 9. Bb2 f6 10. Nc4 Nf8 11. Nh4 Ne6 12. Qd2 Nf4 {[#] Die Struktur ähnelt
den Stellungen, die man in der Verzögerten Abtauschvariante der Spanischen
Partie erhält. Dass Schwarz hier nicht a6 gespielt hat, macht keinen großen
Unterschied.} (12... Nd4 13. Ne3 Be6 {1/2-1/2 (67) Sanal,V (2487)-Bukavshin,I 
(2618) Moscow 2015}) 13. g3 $2 {Schwächt die weißen Felder am Königsflügel.
} Ng6 14. Nxg6 (14. Nf5 Bxf5 15. exf5 Ne7 16. Ne3 Qd7 $15) (14. Ng2 Bh3 $15)
14... hxg6 15. Kg2 {Einladung zu...} Qd7 16. Kh1 Qh3 17. f4 {Um den Weg der
weißen Dame nach g2 freizumachen.} ({Vorsichtiger war} 17. f3) 17... exf4 18.
Qxf4 Bg4 {[#] Ein sehr aktives Läuferpaar! Es droht Le2. Falls der Tf1 zieht,
folgt g5, und falls die Dame zieht Lf3#. Weiß kann sich zwar noch verteidigen,
aber die Partie endet tatsächlich durch ein Läufer-Matt auf dieser Digonalen.
} 19. Rae1 g5 20. Qd2 ({Besser war} 20. Qc1 {Nach} Qh5 {ist Schwarz auch hier
am Drücker.}) 20... Rad8 21. b4 $2 {[#] Nun bricht die weiße Stellung schon
zusammen.} (21. Qc1) 21... Rxe4 22. dxe4 (22. bxc5 Re2 $19) 22... Rxd2 23. Nxd2
Bxb4 $19 {Weiß hat zwei Türme für die Dame, steht aber einfach mit seiner
Stellung voller Schwächen schlecht.} 24. c3 Bc5 25. e5 $2 {Ein schlechter Zug
in schlechter Stellung.} Be6 26. c4 f5 27. Rf3 g4 28. Rd3 b5 29. Ba3 Bb6 30.
Rd8+ Kh7 31. Re8 Qh6 32. Bc1 Qg6 33. Re7 bxc4 34. h4 gxh3 35. Nf1 Qg4 36. Kh2
Qf3 37. Kxh3 Qh5+ 38. Kg2 Bd5+ 39. Re4 {Wenn schon, denn schon.} Bxe4# 0-1

[Event "World Women-ch k.o."]
[Site "Sochi"]
[Date "2015.03.25"]
[Round "3.3"]
[White "Sebag, Marie"]
[Black "Pogonina, Natalija"]
[Result "0-1"]
[WhiteElo "2482"]
[BlackElo "2456"]
[Annotator "Schulz,Andre"]
[PlyCount "66"]
[EventDate "2015.03.17"]
[EventType "k.o."]
[EventRounds "6"]
[EventCountry "RUS"]
[SourceTitle "CBM 166"]
[Source "ChessBase"]
[SourceDate "2015.05.11"]
[SourceVersion "1"]
[SourceVersionDate "2015.05.11"]
[SourceQuality "1"]

1. e4 e5 2. Nf3 Nc6 3. Bb5 Nf6 4. d3 Bc5 5. O-O d6 6. h3 O-O 7. Bxc6 bxc6 8.
Re1 Re8 9. Nbd2 Nd7 10. Nc4 Bb6 11. a4 a5 12. Nxb6 cxb6 13. d4 c5 ({Stimmt,
das kam einem gleich bekannt vor. Der Vorgänger ging so weiter:} 13... Qc7 14.
Ra3 Nf8 15. dxe5 dxe5 16. Nh4 Rd8 17. Qh5 f6 18. Nf5 Be6 19. Rg3 Ng6 20. h4
Bxf5 21. exf5 Nf4 22. Bxf4 exf4 23. Rc3 c5 24. Re6 Rab8 25. Rc4 Qd7 26. Kh2 Rf8
27. Rce4 Rb7 28. Qe2 b5 29. b3 bxa4 30. bxa4 Rb4 31. Re7 Qd6 32. Qf3 Rxe4 33.
Qxe4 f3+ 34. g3 h5 35. Qb7 {1-0 (35) Carlsen,M (2863)-Anand,V (2792) Sochi 2014
}) 14. dxe5 (14. d5 Nf8 15. Nd2 (15. Ra3 Ng6 16. Nd2 f5 $11) 15... Ng6 16. Nc4
f5 17. exf5 Bxf5 18. Ra3 Rf8 $11) 14... Nxe5 15. Nxe5 dxe5 $11 16. Qh5 Ra7 17.
Ra3 Rd7 {Die d-Linie gehört Schwarz.} 18. Rg3 {Weiß spielt nach dem
bekannten Muster. Allerdings ist ja hier zum Beispiel der letzte weiße
Springer schon abgestauscht, was die weißen Angriffschancen doch deutlich
veringert.} Rd6 {Auch Schwarz kann seine "dritte" Reihe besezten.} 19. b3 Bb7
20. Bg5 Qd7 21. h4 {Immer noch auf Angriff eingestellt, aber diesen gibt es
hier nicht.} (21. Bh6 Rg6 $15) 21... Kh8 22. Qf3 Rf8 23. Qe2 Rd4 24. f3 {
Notwendig, aber nun ist der Tg3 abgeschnitten.} Rd6 25. Be3 Rd8 26. Kh2 Rd1 (
26... Qe6 $5 {Schwarz konnte auch noch damit warten, aktiver zu werden, da
Weiß kaum etwas unternehmen kann.}) 27. Rxd1 Qxd1 28. Qc4 (28. Qxd1 Rxd1 $17 {
Der weiße Damenflügel ist sehr schwach.}) 28... Qd7 29. h5 h6 30. f4 $2 {
Verliert angesichts der eigenen Machtlosigkeit die Nerven.} (30. Rh3 $5 {
mit der Idee} Z0 31. g4 Z0 32. Kg3 {um den Turm wieder ins Spiel zu bringen.})
30... exf4 31. Bxf4 Qe7 32. e5 Rd4 (32... Qh4+ {war auch gut:} 33. Rh3 Qg4 34.
Bg3 Rd2 $19) 33. Bg5 hxg5 0-1

[Event "Grand Slam Final 8th"]
[Site "Bilbao"]
[Date "2015.10.26"]
[Round "1"]
[White "Anand, Viswanathan"]
[Black "Giri, Anish"]
[Result "1/2-1/2"]
[WhiteElo "2803"]
[BlackElo "2798"]
[Annotator "Schulz,Andre"]
[PlyCount "78"]
[EventDate "2015.10.26"]
[EventType "tourn"]
[EventRounds "6"]
[EventCountry "ESP"]
[EventCategory "22"]
[SourceTitle "CBM 169"]
[Source "ChessBase"]
[SourceDate "2015.11.10"]
[SourceVersion "1"]
[SourceVersionDate "2015.11.10"]
[SourceQuality "1"]

1. e4 e5 2. Nf3 Nc6 3. Bb5 Nf6 4. d3 Bc5 5. Bxc6 dxc6 6. Nbd2 O-O 7. Qe2 {
In bekannter Position experimentiert Anand neuerdings mit diesem Zug.} (7. O-O
Re8 8. Nc4 Nd7 9. b3 a5 10. a4 f6 11. Be3 Bb4 12. Rc1 b5 13. c3 Bf8 14. Nb2 Nc5
15. Qc2 Bg4 16. d4 exd4 17. Nxd4 bxa4 18. Nxa4 Nxe4 19. f3 Nd6 20. Bf2 Bd7 21.
c4 Qc8 22. Qc3 Nf5 23. Nc2 Nd6 24. Nd4 Nb7 25. c5 Nd8 26. Nb2 Ne6 27. Nc4 Bxc5
28. Nxe6 Bb4 29. Nxg7 Bxc3 30. Nxe8 Bxe8 31. Rxc3 Bf7 32. Nd2 f5 33. Rxc6 Qd7
34. Rc2 Re8 35. Nc4 Bxc4 36. Rxc4 Re2 37. h3 Rd2 38. Re1 Rd1 39. Kh2 c6 {
1/2-1/2 (39) Anand,V (2816)-So,W (2779) Saint Louis 2015}) 7... Re8 8. Nc4 (8.
h3 Nd7 9. Nc4 Bd6 10. Bd2 Nf8 11. Bc3 Ng6 12. g3 b5 13. Ne3 c5 14. h4 Nf8 15.
a4 c6 16. axb5 cxb5 17. Ba5 Qd7 18. Nf5 Qc6 19. O-O Ne6 20. Ng5 Be7 21. Nxe6 {
1/2-1/2 (21) Anand,V (2803)-Kryvoruchko,Y (2710) Berlin 2015}) 8... Nd7 9. Bd2
Bd6 10. g4 {Da liegt der Hund begraben. Weiß greift am Königsflügel an.} Nf8
11. Ne3 Ne6 12. Nf5 a5 13. h4 a4 {[#] Schwarz organisiert einen
Ein-Mann-Gegenangriff, der sich prophylaktisch auch gegen eine weiße lange
Rochade richtet.} 14. Ng5 a3 15. b3 Bc5 16. Nxe6 Bxe6 17. Qf3 Bf8 18. Ke2 c5
19. c4 Ra6 20. Bc3 Bd7 21. Ne3 Rae6 22. g5 c6 23. Ng4 R6e7 24. Ne3 b5 25. Rag1
b4 26. Ba1 Bc8 27. h5 Qd6 28. Nc2 f6 29. g6 h6 30. Ne3 Rd8 31. Rd1 Qc7 32. Nf5
Bxf5 33. Qxf5 Ree8 34. Rh3 Bd6 {[#] Welcher Läufer ist "töter" (gibt es das
Wort?)} 35. Rf3 Qe7 36. Rd2 Bc7 37. Rd1 Bd6 38. Rd2 Bc7 39. Rd1 Bd6 1/2-1/2

[Event "Prestwich"]
[Site "Prestwich"]
[Date "1990.??.??"]
[Round "7"]
[White "Schlosser, Michael"]
[Black "Anand, Viswanathan"]
[Result "0-1"]
[WhiteElo "2340"]
[BlackElo "2555"]
[Annotator "Schussler,H"]
[PlyCount "84"]
[EventDate "1990.??.??"]
[EventType "tourn"]
[EventRounds "9"]
[EventCountry "ENG"]
[SourceTitle "CBM 018"]
[Source "ChessBase"]
[SourceDate "1990.10.01"]
[SourceVersion "1"]
[SourceVersionDate "1990.10.01"]
[SourceQuality "1"]

1. e4 e5 2. Nf3 Nc6 3. Bb5 Nf6 4. O-O Bc5 5. c3 O-O 6. d4 Bb6 7. Re1 exd4 8. e5
Ng4 9. Bg5 (9. cxd4 Nxd4 10. Nxd4 Qh4) 9... Nxf2 $1 10. Qa4 dxc3 11. Bxd8 cxb2
12. Bxc7 bxa1=Q 13. Bxb6 axb6 14. Qxa8 Qb2 15. Qa4 Ng4 16. Qxg4 Qxb5 17. Qg3
Qc5+ 18. Kh1 f6 19. exf6 Rxf6 20. Nbd2 d5 21. Ng5 Rf8 22. Ndf3 h6 23. Nh3 Qb4
24. Nhg1 Bf5 25. Qc7 Be4 26. Rd1 Qe7 27. Qxb6 Ne5 28. Qe3 Ng4 29. Qd4 Qa3 30.
h3 Ne3 31. Rd2 Nf1 32. Rf2 Ng3+ 33. Kh2 Qd6 34. Ne5 Nf5 35. Qb2 Re8 36. Rxf5
Bxf5 37. Ngf3 Be4 38. Kg1 Qf6 39. Qxb7 Kh7 40. Qc7 Re7 41. Qb8 Qf4 42. Qb2 Rc7
0-1

[Event "Hoogovens"]
[Site "Wijk aan Zee"]
[Date "1990.01.??"]
[Round "8"]
[White "Nijboer, Friso"]
[Black "Anand, Viswanathan"]
[Result "0-1"]
[WhiteElo "2485"]
[BlackElo "2555"]
[Annotator "Schussler,H"]
[PlyCount "96"]
[EventDate "1990.01.??"]
[EventType "tourn"]
[EventRounds "13"]
[EventCountry "NED"]
[EventCategory "13"]
[SourceTitle "CBM 017"]
[Source "ChessBase"]
[SourceDate "1990.08.01"]
[SourceVersion "1"]
[SourceVersionDate "1990.08.01"]
[SourceQuality "1"]

1. e4 e5 2. Nf3 Nc6 3. Bb5 Nf6 4. O-O Bc5 5. c3 O-O 6. d4 Bb6 7. Bg5 h6 8. Bh4
d6 9. a4 (9. Bxc6 bxc6 10. Nbd2 {Brunner,L-Lane,G Game 971/disk 16.}) 9... a5
10. Bxc6 bxc6 11. Nbd2 Ba6 12. Re1 Qe7 13. d5 g5 14. Nxg5 hxg5 15. Bxg5 Kg7 16.
b4 cxd5 17. exd5 Qd7 18. Qf3 Nh7 19. Qh5 f5 20. b5 Bb7 21. Bh6+ Kh8 22. Bxf8
Rxf8 23. Nc4 f4 24. Rad1 Bc8 25. Nxb6 cxb6 26. f3 Qc7 27. Qh4 Bf5 28. c4 Kg7
29. Rc1 Nf6 30. Qf2 Nd7 31. g3 Bg6 32. gxf4 Rxf4 33. Kh1 Nc5 34. Rg1 Qf7 35.
Rcf1 Kf8 36. Rg3 Ne4 37. Qxb6 Nxg3+ 38. hxg3 Rf6 39. Qe3 e4 40. b6 exf3 41. Kg1
Bh5 42. Qd4 Kg7 43. Qb2 Kh7 44. Kf2 Qe7 45. g4 Rh6 46. b7 Qh4+ 47. Ke3 Qg5+ 48.
Kd3 Bg6+ 0-1